00754nam a2200205 a 450000100100000000500170001000800410002702000150006804000250008308200170010810000180012524501010014326000610024430000270030550000700033250400690040265000290047165000250050065000230052500000683820260202091015.0090903s2005 dr a 000 0 spa d a994503300X aDO-SdBNPbspacBNPHU a371.2bP438s1 aPérez, Ruth10a¡Supervisores a la carga¡ :bpor la máxima eficiencia del proceso educativo /cRuth Pérez. aSanto Domingo :bOffsef Serigrafía Rodríguez,c2005. a96 p. :bil. ;c21 cm. aIncluye datos biográficos del autor en la solapa de la cubierta aIncluye referencias bibliográficas al final de los capítulos 4aAdministración escolar 4aInspección escolar 0aRelaciones humanas